| 000 | 01271nam a22005537a 4500 | ||
|---|---|---|---|
| 001 | BR8707429 | ||
| 003 | BR-BrBNA | ||
| 005 | 20230928092752.0 | ||
| 007 | ta | ||
| 008 | 230509b bl.||||| |||| 00| 0 por d | ||
| 040 |
_aBR-BrBNA _bpor _cBiblioteca Nacional de Agricultura |
||
| 041 | _a(Por) | ||
| 072 | _aF01 | ||
| 090 | _ F01 BR8707429 | ||
| 100 | 1 | _aSganzerla, E. | |
| 245 | 1 | _aNova agricultura; a fascinante arte de cultivar com os plasticos | |
| 260 | 3 |
_aPorto Alegre, RS (Brasil): _bPetroquimica Triunfo, _c1987. |
|
| 300 | _a297 p. | ||
| 500 | _a235 illus. | ||
| 650 | _aABACAXI | ||
| 650 | _aALHO | ||
| 650 | _aAGRIAO | ||
| 650 | _aALFACE | ||
| 650 | _aBANANA | ||
| 650 | _aBETERRABA | ||
| 650 | _aABOBORA | ||
| 650 | _aCEBOLA | ||
| 650 | _aPEPINO | ||
| 650 | _aASPARGO | ||
| 650 | _aCENOURA | ||
| 650 | _aPIMENTAO | ||
| 650 | _aMELAO | ||
| 650 | _aCHUCHU | ||
| 650 | _aTOMATE | ||
| 650 | _aVAGEM | ||
| 650 | _aMORANGO | ||
| 650 | _aUVA | ||
| 650 | _aCAFE | ||
| 650 | _aBERINJELA | ||
| 650 | _aAMEIXA | ||
| 650 | _aFIGO | ||
| 650 | _aMACA | ||
| 650 | _aPESSEGO | ||
| 650 | _aFRUTA CITRICA | ||
| 650 | _aPRATICA CULTURAL | ||
| 650 | _aPLASTICO | ||
| 909 |
_a202309 _bLucia _c55 _dLucia Elande |
||
| 942 | _cBK | ||
| 999 |
_c41083 _d41083 |
||